000
00255nam a2200097Ia 4500
001
1229447
005
20250827093101.0
008
250824s9999 xx 000 0 und d
245
0
_a
GİZEMLİ ADA
_c
TONY ABBOTT
260
_b
ALTIN KİTAPLAR
999
_c
1229447
_d
1229447